Szczegóły MARC21

W świecie literatury i teatru : sztuka współuczestnictwa /

003 -Nazwa inst., której nr kontr. jest w polu 001 [,]
    • @
    • Nazwa instytucji, której n kontrolny jest w polu 001
    • NUKAT
005 -DATA I CZAS OSTATNIEJ MODYFIKACJI [,]
    • @
    • pole kontrolne
    • 20241231102452.0
020 -Międzynarod. znormalizowany nr książki - ISBN [ , ]
    • a
    • Numer ISBN
    • 8324203249 Find
040 -Instytucja sporządzająca opis [ , ]
    • a
    • Instytucja, która sporządziła opis (NP)
    • KR 297/CRZ
    • c
    • Instytucja, która sporządziła rekord (NP)
    • KR 297/CRZ
    • d
    • Instytucja, która zmodyfikowała rekord (P)
    • KR 297/CRZ
    • d
    • Instytucja, która zmodyfikowała rekord (P)
    • WR U/bk
    • d
    • Instytucja, która zmodyfikowała rekord (P)
    • WR O/ZWs
    • d
    • Instytucja, która zmodyfikowała rekord (P)
    • KR U/DPs
942 -Rodzaj dokumentu [ , ]
    • c
    • Rodzaj dokumentu
    • Książka
245 -Strefa tytułu i oznaczenia odpowiedzialności [0,0]
    • a
    • Tytuł
    • W świecie literatury i teatru : Find
    • b
    • Ciąg dalszy tytułu (NP)
    • sztuka współuczestnictwa / Find
    • c
    • Pozostałe elementy strefy tytułu i oznaczenia odpowiedzialności (NP)
    • red. Ewa Łubieniewska.
260 -Strefa adresu wydawniczego [ , ]
    • a
    • Miejsce wydania (P)
    • Kraków :
    • b
    • Nazwa wydawcy (P)
    • "Universitas",
    • c
    • Data wydania (P)
    • 2006.
300 -Strefa opisu fizycznego [ , ]
    • a
    • Określenie formy książki i/lub objętość (NP)
    • 582, [4] s. ;
    • c
    • Format (NP)
    • 24 cm.
336 -Typ zawartości [ , ]
    • a
    • Termin opisujący typ zawartości
    • Tekst
    • b
    • Kod określający zawartość
    • txt
    • 2
    • Źródło (terminu i kodu)
    • rdacontent
337 -Typ mediów [ , ]
    • a
    • Tryb odtwarzania
    • Bez urządzenia pośredniczącego
    • b
    • Kod typu mediów
    • n
    • 2
    • Źródło (terminu i kodu)
    • rdamedia
338 -Typ/rodzaj nośnika [ , ]
    • a
    • Hasło opisujące typ nośnika
    • Wolumin
    • b
    • Kod typu nośnika
    • nc
    • 2
    • Źródło (terminu i kodu)
    • rdacarrier
080 -Uniwersalna Klasyfikacja Dziesiętna [ , ]
    • 2
    • Identyfikator wydania tablic
    • UDC-P058
    • a
    • Symbol klasyfikacji
    • 821.162.1(091)-2
    • b
    • Dopowiedzenie
    • Literatura polska (historia) - Utwory dramatyczne. Scenariusze filmowe.
    • x
    • Poddział wspólny
    • "18/19"
    • b
    • Dopowiedzenie
    • Wiek XIX/XX.
080 -Uniwersalna Klasyfikacja Dziesiętna [ , ]
    • 2
    • Identyfikator wydania tablic
    • UDC-P058
    • a
    • Symbol klasyfikacji
    • 821(4)(091)-2
    • b
    • Dopowiedzenie
    • Literatury europejskie (historia). - Utwory dramatyczne. Scenariusze filmowe.
080 -Uniwersalna Klasyfikacja Dziesiętna [ , ]
    • 2
    • Identyfikator wydania tablic
    • UDC-P058
    • a
    • Symbol klasyfikacji
    • 792.2
    • b
    • Dopowiedzenie
    • Przedstawienia z tekstem słownym. Dramaty. Tragedie. Komedie. Skecze. Misteria.
650 -Hasło przedmiotowe [ ,7]
    • a
    • Hasło przedmiotowe
    • Dramat polski
    • y
    • Określnik chronologiczny
    • 19 w.
    • x
    • Określnik rzeczowy
    • historia i krytyka.
    • 2
    • Źródło terminu
    • kaba
    • 9
    • KHW
    • 374838
650 -Hasło przedmiotowe [ ,7]
    • a
    • Hasło przedmiotowe
    • Dramat polski
    • y
    • Określnik chronologiczny
    • 20 w.
    • x
    • Określnik rzeczowy
    • historia i krytyka.
    • 2
    • Źródło terminu
    • kaba
    • 9
    • KHW
    • 369792
650 -Hasło przedmiotowe [ ,7]
    • a
    • Hasło przedmiotowe
    • Dramat
    • x
    • Określnik rzeczowy
    • historia i krytyka.
    • 2
    • Źródło terminu
    • kaba
    • 9
    • KHW
    • 106301
980 -Symbol UKD [ , ]
    • a
    • UKD
    • 821.162.1(091)-2"18/19":821(4)(091)-2:792.2
700 -Hasło dodatkowe - nazwa osobowa [1, ]
    • a
    • Nazwa osobowa (NP)
    • Łubieniewska, Ewa Find
    • d
    • Daty biograficzne (NP)
    • (1948- ).
    • e
    • Określenie rodzaju współpracy
    • Red.
    • 9
    • KHW
    • 492063
710 -Hasło dodatkowe - nazwa ciała zbiorowego [2, ]
    • a
    • Nazwa ciała zbiorowego lub nazwa geograficzna jako pierwszy element (NP)
    • Towarzystwo Autorów i Wydawców Prac Naukowych "Universitas".
    • 4
    • Kod relacji
    • pbl
    • 9
    • KHW
    • 56074
920 -ISBN [ , ]
    • a
    • ISBN
    • 83-242-0324-9 Find
Numer inwentarzowy Lokalizacja Sygnatura Status udost. Data inwentaryzacji
Z.107579BG 12007-01-26
P.20493BMPOL. Teatr – historia 1012007-03-16